01628nam a2200241Ia 4500001000600000003000900006008004100015040001300056040001300069041001300082100002100095100002900116245005700145245005800202250001100260260001200271260001400283260004900297300005700346500091200403650004001315650003101355H6570IT-RoPAU130308s9999 xx 000 0 und d aIT-RoPAU cIT-RoPAU aITALIANO aBargellini Piero gCodice Aut. SPICS: 58572 aBelvedere - Arte gotica - Panorama storico dell'arte bBelvedere - Arte gotica - Panorama Storico dell'arte  a1a ed. aFIRENZE bVallecchi c1960 [1° Ed.:1960 - Ed.Ling.Originale:1960] a"370 p. (prefazione: no ; testo: 370 [pagine: 0-0])" a"Mura Aperte e Vita Movimentata. cattedrali Francesi e Architettura Cistercense. Giullare di Dio e Arte X Idioti. Chiesa di San Francesco e Piazza Coperta. pulpito Scolpito e sacra rappresentazione Pittorica. chiese Gemelle Epredicazione Fuor delle Mura. Confraternite Laicali e Arte rivelatrice Fatti della Fede. trionfo del Comune e Architettura Civile. Nicola e Giovanni Pisani, Arnolfo di cambio Colligiano. Bel San Giovanni e cenni di Pepo Detto Cimabue. Giotto di Bondone e sentimento Umano dell'arte . Duccio di Buoninsegna e Pittura Senese. Buonamico Buffalmacco e pittori minori D'Ogni Scuola. Fratelli Lorenzetti e sentimento della Natura. gotico Fiorito e Nuova Società Borghese. Duomo D'Orvieto e Diffusione gotico in Italia. Logge Aperte e Tabernacoli X le Vie. Camposanto di Pisa e Duomo di Milano. Indici: Riassunto del Volume; tavole a Colori; Illustrazioni in Nero; Nomi e Cose Notevoli." aSTORIA UNIVERSALE DELLE ARTI VISIVE eCodice materia Spics: 5009